Study on digfferent levels of taro silage with rice bran as energy source, (ការសិក្សាពីលទ្ធភាពរំលាយអាហាររបស់ជ្រូកដោយ ប្រើប្រាស់កំរិតត្រាវផ្អាប់ផ្សេងៗគ្នាដែលមានកន្ទក់ជាចំណីថាមពល) (Record no. 2329)

000 -LEADER
fixed length control field 00738nam a22001577a 4500
003 - CONTROL NUMBER IDENTIFIER
control field OSt
005 - DATE AND TIME OF LATEST TRANSACTION
control field 20151019155618.0
008 - FIXED-LENGTH DATA ELEMENTS--GENERAL INFORMATION
fixed length control field 151019b xxu||||| |||| 00| 0 eng d
040 ## - CATALOGING SOURCE
Transcribing agency RUA
082 ## - DEWEY DECIMAL CLASSIFICATION NUMBER
Classification number AVM TAN 2009 B088 Or.1
100 ## - MAIN ENTRY--PERSONAL NAME
9 (RLIN) 2474
Personal name TAN VUTHY
245 ## - TITLE STATEMENT
Title Study on digfferent levels of taro silage with rice bran as energy source, (ការសិក្សាពីលទ្ធភាពរំលាយអាហាររបស់ជ្រូកដោយ ប្រើប្រាស់កំរិតត្រាវផ្អាប់ផ្សេងៗគ្នាដែលមានកន្ទក់ជាចំណីថាមពល)
260 ## - PUBLICATION, DISTRIBUTION, ETC. (IMPRINT)
Place of publication, distribution, etc. phnom penh
Name of publisher, distributor, etc. rua
Date of publication, distribution, etc. 2009
300 ## - PHYSICAL DESCRIPTION
Extent x, 50p.
Other physical details ill.
Dimensions 29cm.
942 ## - ADDED ENTRY ELEMENTS (KOHA)
Source of classification or shelving scheme
Koha item type AVM
Holdings
Price effective from Date last seen Permanent Location Not for loan Date acquired Source of classification or shelving scheme Koha item type Barcode Lost status Damaged status Shelving location Withdrawn status Current Location Full call number
2015-10-192015-10-19Library Block B 2015-10-19 AVMRUA015971  B088 Library Block BAVM TAN 2009 B088 Or.1
2015-10-192015-10-19Library Block B 2015-10-19 AVMRUA016043  B088 Library Block BAVM TAN 2009 B088 Or.2
2015-10-192015-10-19Library Block B 2015-10-19 AVMRUA016115  B088 Library Block BAVM TAN 2009 B088 Or.3
2015-10-192015-10-19Library Block B 2015-10-19 AVMRUA015891  B088 Library Block BAVM TAN 2009 B088 Or.4
2015-10-192015-10-19Library Block B 2015-10-19 AVMRUA016173  B088 Library Block BAVM TAN 2009 B088 Or.5
2015-10-192015-10-19Library Block B 2015-10-19 AVMRUA016131  B088 Library Block BAVM TAN 2009 B088 Or.6
2015-10-192015-10-19Library Block B 2015-10-19 AVMRUA006697  B088 Library Block BAVM TAN 2009 B088 Or.7
2015-10-192015-10-19Library Block B 2015-10-19 AVMRUA006235  B088 Library Block BAVM TAN 2009 B088 Or.8
2015-10-192015-10-19Library Block B 2015-10-19 AVMRUA006240  B088 Library Block BAVM TAN 2009 B088 Or.9
2015-10-192015-10-19Library Block B 2015-10-19 AVMRUA006308  B088 Library Block BAVM TAN 2009 B088 Or.10
មជ្ឈមណ្ឌលឯការនៃសាកលវិទ្យាល័យភូមិន្ទកសិកម្មចំការដូង

Powered by Koha